|
|
|
|
| LEADER |
00000nam2a2200000 4500 |
| 001 |
331764 |
| 005 |
20250131160003.0 |
| 035 |
|
|
|a (RuTPU)RU\TPU\book\357623
|
| 035 |
|
|
|a RU\TPU\book\357622
|
| 090 |
|
|
|a 331764
|
| 100 |
|
|
|a 20170504d1978 k y0rusy50 ca
|
| 101 |
0 |
|
|a rus
|
| 102 |
|
|
|a RU
|
| 105 |
|
|
|a a z 001zy
|
| 200 |
0 |
|
|a Сб. 64 : Вопросы проектирования, исследования и эксплуатации ГАЭС
|e [сборник]
|f под ред. М. Ф. Красильникова
|
| 210 |
|
|
|d 1978
|
| 215 |
|
|
|a 121 с.
|c ил.
|
| 320 |
|
|
|a Библиогр. в конце ст.
|
| 461 |
|
1 |
|0 (RuTPU)RU\TPU\book\287148
|t Труды Гидропроекта
|o [сборник]
|f Всесоюзный проектно-изыскательский и научно-исследовательский институт "ГИДРОПРОЕКТ" имени С. Я. Жука
|v Сб. 64 : Вопросы проектирования, исследования и эксплуатации ГАЭС
|d 1958-1989
|
| 500 |
1 |
0 |
|a Труды Гидропроекта
|9 88828
|
| 606 |
1 |
|
|a Гидроаккумулирующие электростанции
|2 stltpush
|3 (RuTPU)RU\TPU\subj\6569
|9 34415
|
| 610 |
1 |
|
|a проектирование
|
| 610 |
1 |
|
|a исследование
|
| 610 |
1 |
|
|a эксплуатация
|
| 610 |
1 |
|
|a оборудование
|
| 610 |
1 |
|
|a конструкции
|
| 610 |
1 |
|
|a возведение
|
| 610 |
1 |
|
|a динамические нагрузки
|
| 610 |
1 |
|
|a прогнозирование
|
| 610 |
1 |
|
|a опорные узлы
|
| 675 |
|
|
|a 621.311.21:621.221.3
|v 4
|
| 702 |
|
1 |
|a Красильников
|b М. Ф.
|4 340
|
| 801 |
|
1 |
|a RU
|b 63413507
|c 20150110
|
| 801 |
|
2 |
|a RU
|b 63413507
|c 20171129
|g RCR
|
| 942 |
|
|
|c BK
|